000 00434nam a2200181Ia 4500
001 23572
003 GE_BSU
008 181216s||||||||xx |||||||||||||| ||und||
040 _cGE_BSU
245 _aLe point, 4 oqtobre 2405. 2018
260 _aparis
260 _c2018
300 _a98p;ill;27cm;
653 _aLe point, 4 oqtobre 2405. 2018
653 _aПериодика
653 _aპერიოდიკა
942 _cCR
999 _c56459
_d56459